000 01480nam a22001577a 4500
041 _aukr
080 _a09
090 _bЗАХ
100 _aЗахарчук А. В.
245 _aПолітична метафора у мові американської публіцистики
260 _aОстрог
_bКАФ
_c2004
300 _a52
520 _aРозділ 1. Лінгвістичні особливості публіцистичного стилю сучасної американської преси. 1.1. Стилістична характеристика американських публіцистичних текстів. 1.2. Лексичні особливості мови газнтно-журнальних статей. Розділ 2. Функціональні особливості метафор у публіцистичних текстах англійської мови. 2.1. Прагматичний аспект використання метафор. 2.2. Когнітивний аспект функціонування метафор як передумова утворення концептів. 2.3. Групи концептуальних метафор у публіцистичних текстах. 2.3.1. Політика війна. 2.3.2. Політика природа. 2.3.3. Політика полювання.
_0Метафора, публіцистика, текст.
650 _aResearch Papers
999 _c282580
_d282580
942 _cBK